000 02100nam a2200433 i 4500
001 195521
003 SpMaBN
005 20250901102756.0
008 240619s2010 sp a | ||||o000 0 spa
015 _aMON10
017 _aM 11383-2010
_bOficina Depósito Legal Madrid
020 _a9788473566650
035 _a(OCoLC)638855132
040 _aSpMaBN
_bspa
_cSpMaBN
_erdc
_dES-MaACL
080 _a658.8:004.738.5
245 0 3 _aEl libro del comercio electrónico /
_ccoordinador, Eduardo Liberos ; autores, Eduardo Liberos, Ignacio Somalo, Juan Gil, Rafael García del Poyo, Juan Antonio Merino
260 _aPozuelo de Alarcón, Madrid :
_bESIC Editorial,
_c2010.
300 _a403 páginas :
_bilustrado, gráficos ;
_c24 cm
336 _2rdacontent
_atexto
337 _2rdamedia
_asin mediación
338 _2rdacarrier
_avolumen
490 0 _aLibros profesionales de empresa
504 _aBibliografía: páginas [385]-403
520 _aEl comercio electrónico en España mueve más 2.000 millones de euros al año con un crecimiento de dos dígitos en los últimos años… ¿cómo podemos vender eficazmente a través de Internet? El Libro del Comercio Electrónico es una obra ambiciosa e innovadora realizada por los más reconocidos profesionales del Comercio Electrónico en España y a nivel mundial.
650 7 _aComercio electrónico
_2embne
_911167
700 1 _aLiberos, Eduardo
_9237134
_eedt
700 1 _aSomalo, Ignacio
_eaut
_9238815
700 1 _aGarcía del Poyo, Rafael
_eaut
_9238816
700 1 _aRabadán, Juan Gil
_ednr
_9238817
700 1 _aMerino, Juan Antonio
_ednr
_9238818
852 _aES-MaACL
_cDEPOJ
_jN-10032
_hDonación: Helena de la Joya
_xEncuadernación rústica con solapas
_9206179
903 _aJoya, Helena de la
_ednr
942 _cMONOGRAFIA
_n0
999 _c195521
_d195521